000 00301nam a22001337a 4500
008 181217b xxu||||| |||| 00| 0 eng d
020 _a9780071362962
041 _aeng
080 _22nd
_a620
100 _a26
101 _aMEK
245 _aThe Robot Builder's Bonanza
_cComb,G.M
942 _2udc
_cBK
999 _c53144
_d53144